[Event "Gatineau Outaouais op U1900"]
[Site "Gatineau"]
[Date "2014.06.??"]
[Round "1"]
[White "Lecorre, Joel"]
[Black "Gendron, Roger"]
[Result "1-0"]
[WhiteElo "1694"]
[BlackElo "1531"]
[PlyCount "67"]
[EventDate "2014.06.??"]
[EventType "swiss"]
[EventRounds "5"]
[EventCountry "CAN"]
[SourceTitle "EXT 2022"]
[Source "ChessBase"]
[SourceDate "2021.10.06"]
[SourceVersion "1"]
[SourceVersionDate "2021.10.06"]
[SourceQuality "1"]

1. e4 d5 2. exd5 Qxd5 3. Nc3 Qd6 4. Nf3 a6 5. d4 Bg4 6. Be2 Nd7 7. Be3 e6 8. Qd2 Ngf6 9. h3 Bh5 10. Bf4 Qc6 11. a3 Bd6 12. Rg1 Ne4 13. Nxe4 Qxe4 14. Bxd6 cxd6 15. Ng5 Qd5 16. Bxh5 0-0 17. Bf3 Qb5 18. c3 d5 19. Qc2 Nf6 20. Be2 Qc6 21. Bd3 h6 22. Nh7 Nxh7 23. Bxh7+ Kh8 24. Bd3 b5 25. 0-0-0 Rab8 26. Kb1 a5 27. g4 Rfc8 28. Rc1 Qd6 29. Qd2 b4 30. cxb4 Rxc1+ 31. Rxc1 axb4 32. axb4 Qh2 33. Qe3 Ra8 34. Qg3 1-0

[Event "Montreal Pere Noel U1800"]
[Site "Montreal"]
[Date "2012.12.30"]
[Round "5.22"]
[White "Gendron, Roger"]
[Black "Plante, Marc Eric"]
[Result "1-0"]
[WhiteElo "1541"]
[BlackElo "1690"]
[PlyCount "65"]
[EventDate "2012.12.26"]
[EventType "swiss"]
[EventRounds "5"]
[EventCountry "CAN"]
[SourceTitle "EXT 2022"]
[Source "ChessBase"]
[SourceDate "2021.10.06"]
[SourceVersion "1"]
[SourceVersionDate "2021.10.06"]
[SourceQuality "1"]

1. c4 Nf6 2. Nc3 e6 3. g3 d5 4. b3 d4 5. Na4 Bd7 6. Nb2 Bc6 7. Nf3 Be7 8. Bg2 e5 9. 0-0 e4 10. Ne1 0-0 11. Qc2 Re8 12. c5 Na6 13. d3 Bxc5 14. Bg5 Be7 15. Qc4 Qd5 16. Qc1 Qe6 17. Nc2 Rad8 18. e3 Bc5 19. exd4 Bxd4 20. Nxd4 Rxd4 21. Re1 Qd7 22. Bxf6 gxf6 23. Qf4 Qd6 24. Qg4+ Kh8 25. dxe4 Nc5 26. Nc4 Qd8 27. Qh5 Nxe4 28. Qxf7 Ng5 29. Bxc6 Nxf7 30. Rxe8+ Kg7 31. Rxd8 Nxd8 32. Bg2 b6 33. Ne3 1-0